Child development and behavior.

Wedi'i Gadw mewn:
Manylion Llyfryddiaeth
Awduron Eraill: Dorman, Lynn, Rebelsky, Freda
Fformat: Llyfr
Iaith:Saesneg
Cyhoeddwyd: New York : Alfred A. Knopf, 1974.
Rhifyn:2nd. ed.
Pynciau:
Tagiau: Ychwanegu Tag
Dim Tagiau, Byddwch y cyntaf i dagio'r cofnod hwn!

MARC

LEADER 00000cam a22000002a 4500
001 0000004036
003 DAYSTAR
005 20171002014259.0
008 030703s1974 nyu 001 0 eng d
020 |a 0394318161 
040 |a Daystar  |d LKithuka 
050 1 |a BF721  |b .R345 
245 0 0 |a Child development and behavior. 
250 |a 2nd. ed. 
260 |a New York :  |b Alfred A. Knopf,  |c 1974. 
300 |a 470p. 
504 |a includes bibliography and index. 
630 0
650 0 |a Child study-addresses,essays,lectures. 
700 1 |a Dorman, Lynn. 
700 1 |a Rebelsky, Freda. 
908 |a 060412 
942 |c BK 
999 |c 59  |d 59